[Event "Stay Safe Play From Home 365"]
[Site "Emanuel Lasker Arena"]
[Date "2020.08.07"]
[Round "3"]
[White "NTBT_DHS"]
[Black "Haxhi Baha"]
[Result "1-0"]
[WhiteElo "2580"]
[BlackElo "2025"]
[PlyCount "51"]
[EventDate "2020.08.07"]
[EventType "swiss (blitz)"]

1. d4 {[%emt 0:00:00]} d5 {[%emt 0:00:01]} 2. Nc3 {[%emt 0:00:00]} e6 {[%emt 0:00:01]} 3. Bf4 {[%emt 0:00:00]} Nf6 {[%emt 0:00:00]} 4. Qd3 {[%emt 0:00:00]} Bd6 {[%emt 0:00:01]} 5. g3 {[%emt 0:00:01]} O-O {[%emt 0:00:02]} 6. Nf3 {[%emt 0:00:00]} Bxf4 {[%emt 0:00:02]} 7. gxf4 {[%emt 0:00:01]} c6 {[%emt 0:00:01]} 8. O-O-O {[%emt 0:00:01]} b5 {[%emt 0:00:02]} 9. h4 {[%emt 0:00:01]} b4 {[%emt 0:00:01]} 10. Na4 {[%emt 0:00:01]} Ne4 {[%emt 0:00:01]} 11. Ng5 {[%emt 0:00:01]} f5 {[%emt 0:00:04]} 12. Qe3 {[%emt 0:00:05]} Qa5 {[%emt 0:00:03]} 13. b3 {[%emt 0:00:00]} Rf6 {[%emt 0:00:01]} 14. f3 {[%emt 0:00:01]} Nc3 {[%emt 0:00:03]} 15. Nxc3 {[%emt 0:00:06]} bxc3 {[%emt 0:00:00]} 16. Kb1 {[%emt 0:00:00]} Nd7 {[%emt 0:00:03]} 17. Rd3 {[%emt 0:00:06]} c5 {[%emt 0:00:03]} 18. Rxc3 {[%emt 0:00:02]} cxd4 {[%emt 0:00:02]} 19. Qxd4 {[%emt 0:00:00]} Nb6 {[%emt 0:00:02]} 20. Rg1 {[%emt 0:00:02]} Kh8 {[%emt 0:00:05]} 21. e4 {[%emt 0:00:02]} Ba6 {[%emt 0:00:03]} 22. Bxa6 {[%emt 0:00:01]} Qxa6 {[%emt 0:00:02]} 23. Nxe6 {[%emt 0:00:00]} Rg8 {[%emt 0:00:09]} 24. Nxg7 {[%emt 0:00:01]} Rxg7 {[%emt 0:00:02]} 25. Qxf6 {[%emt 0:00:02]} Nc4 {[%emt 0:00:02]} 26. Qxg7# {[%emt 0:00:01] (Lag: Av=0.98s, max=1.8s) (Lag: Av=0.98s, max=1.8s) (Lag: Av=0.98s, max=1.8s) (Lag: Av=0.98s, max=1.8s) (Lag: Av=0.98s, max=1.8s)} 1-0

[Event "Stay Safe Play From Home 365"]
[Site "Emanuel Lasker Arena"]
[Date "2020.08.07"]
[Round "3"]
[White "Tran Minh Thang"]
[Black "AChessPlayer"]
[Result "1-0"]
[WhiteElo "2434"]
[BlackElo "2454"]
[PlyCount "151"]
[EventDate "2020.08.07"]
[EventType "swiss (blitz)"]

1. d4 {[%emt 0:00:01]} Nf6 {[%emt 0:00:03]} 2. Bf4 {[%emt 0:00:02]} d6 {[%emt 0:00:01]} 3. e3 {[%emt 0:00:00]} g6 {[%emt 0:00:00]} 4. Nd2 {[%emt 0:00:01]} Bg7 {[%emt 0:00:00]} 5. Ngf3 {[%emt 0:00:00]} Nbd7 {[%emt 0:00:00]} 6. Bd3 {[%emt 0:00:00]} O-O {[%emt 0:00:00]} 7. e4 {[%emt 0:00:01]} c5 {[%emt 0:00:04]} 8. c3 {[%emt 0:00:01]} Re8 {[%emt 0:00:04]} 9. e5 {[%emt 0:00:01]} Nd5 {[%emt 0:00:01]} 10. Bg3 {[%emt 0:00:01]} cxd4 {[%emt 0:00:00]} 11. cxd4 {[%emt 0:00:01]} dxe5 {[%emt 0:00:00]} 12. dxe5 {[%emt 0:00:01]} Nc5 {[%emt 0:00:00]} 13. Be2 {[%emt 0:00:01]} Nb4 {[%emt 0:00:01]} 14. O-O {[%emt 0:00:01]} Nbd3 {[%emt 0:00:01]} 15. Nc4 {[%emt 0:00:02]} b5 {[%emt 0:00:03]} 16. Ne3 {[%emt 0:00:01]} Bb7 {[%emt 0:00:01]} 17. Qc2 {[%emt 0:00:07]} Rc8 {[%emt 0:00:04]} 18. Rad1 {[%emt 0:00:01]} Be4 {[%emt 0:00:01]} 19. Ng5 {[%emt 0:00:08]} Qb6 {[%emt 0:00:09]} 20. Nxe4 {[%emt 0:00:01]} Nb4 {[%emt 0:00:01]} 21. Qb1 {[%emt 0:00:01]} Ne6 {[%emt 0:00:02]} 22. Nd5 {[%emt 0:00:01]} Nxd5 {[%emt 0:00:01]} 23. Rxd5 {[%emt 0:00:00]} a6 {[%emt 0:00:02]} 24. Rfd1 {[%emt 0:00:01]} h6 {[%emt 0:00:01]} 25. Bg4 {[%emt 0:00:01]} Rc4 {[%emt 0:00:02]} 26. b3 {[%emt 0:00:02]} Rc7 {[%emt 0:00:02]} 27. a4 {[%emt 0:00:02]} bxa4 {[%emt 0:00:01]} 28. bxa4 {[%emt 0:00:00]} Qc6 {[%emt 0:00:01]} 29. Bxe6 {[%emt 0:00:03]} Qxe6 {[%emt 0:00:01]} 30. Nc5 {[%emt 0:00:01]} Qc6 {[%emt 0:00:04]} 31. e6 {[%emt 0:00:00]} Rcc8 {[%emt 0:00:00]} 32. exf7+ {[%emt 0:00:01]} Kxf7 {[%emt 0:00:00]} 33. Qe4 {[%emt 0:00:02]} Bf6 {[%emt 0:00:01]} 34. Nd7 {[%emt 0:00:01]} Qc2 {[%emt 0:00:03]} 35. Qxc2 {[%emt 0:00:02]} Rxc2 {[%emt 0:00:00]} 36. Ne5+ {[%emt 0:00:00]} Bxe5 {[%emt 0:00:01]} 37. Bxe5 {[%emt 0:00:00]} Re2 {[%emt 0:00:01]} 38. Kf1 {[%emt 0:00:01]} Rc2 {[%emt 0:00:00]} 39. a5 {[%emt 0:00:00]} Rc6 {[%emt 0:00:00]} 40. R1d2 {[%emt 0:00:00]} Re6 {[%emt 0:00:00]} 41. f4 {[%emt 0:00:01]} Rc8 {[%emt 0:00:00]} 42. Rd8 {[%emt 0:00:01]} Rcc6 {[%emt 0:00:00]} 43. Rh8 {[%emt 0:00:01]} h5 {[%emt 0:00:00]} 44. Rh7+ {[%emt 0:00:00]} Ke8 {[%emt 0:00:00]} 45. Rh8+ {[%emt 0:00:01]} Kf7 {[%emt 0:00:00]} 46. Rdd8 {[%emt 0:00:00]} Rxe5 {[%emt 0:00:00]} 47. fxe5 {[%emt 0:00:01]} Ke6 {[%emt 0:00:00]} 48. Kf2 {[%emt 0:00:00]} Rc1 {[%emt 0:00:00]} 49. Ke2 {[%emt 0:00:00]} Rc2+ {[%emt 0:00:00]} 50. Rd2 {[%emt 0:00:00]} Ra2 {[%emt 0:00:00]} 51. Rhd8 {[%emt 0:00:00]} Rxa5 {[%emt 0:00:00]} 52. R8d3 {[%emt 0:00:00]} Rxe5+ {[%emt 0:00:00]} 53. Re3 {[%emt 0:00:00]} Rxe3+ {[%emt 0:00:00]} 54. Kxe3 {[%emt 0:00:00]} Ke5 {[%emt 0:00:00]} 55. Ra2 {[%emt 0:00:00]} e6 {[%emt 0:00:00]} 56. Rxa6 {[%emt 0:00:00]} Kf6 {[%emt 0:00:00]} 57. Ke4 {[%emt 0:00:00]} g5 {[%emt 0:00:00]} 58. h3 {[%emt 0:00:01]} h4 {[%emt 0:00:00]} 59. g4 {[%emt 0:00:00]} hxg3 {[%emt 0:00:01]} 60. Kf3 {[%emt 0:00:00]} g2 {[%emt 0:00:00]} 61. Kxg2 {[%emt 0:00:00]} Kf5 {[%emt 0:00:00]} 62. Kf3 {[%emt 0:00:00]} e5 {[%emt 0:00:00]} 63. Ra5 {[%emt 0:00:00]} g4+ {[%emt 0:00:00]} 64. hxg4+ {[%emt 0:00:01]} Kg5 {[%emt 0:00:00]} 65. Rxe5+ {[%emt 0:00:00]} Kg6 {[%emt 0:00:00]} 66. Rf5 {[%emt 0:00:00]} Kg7 {[%emt 0:00:00]} 67. Kf4 {[%emt 0:00:00]} Kg6 {[%emt 0:00:00]} 68. g5 {[%emt 0:00:00]} Kg7 {[%emt 0:00:00]} 69. Ra5 {[%emt 0:00:00]} Kg8 {[%emt 0:00:00]} 70. Ra6 {[%emt 0:00:00]} Kh7 {[%emt 0:00:00]} 71. Kf5 {[%emt 0:00:00]} Kg7 {[%emt 0:00:00]} 72. Ra7+ {[%emt 0:00:00]} Kh8 {[%emt 0:00:00]} 73. Kf6 {[%emt 0:00:00]} Kg8 {[%emt 0:00:00]} 74. Ra8+ {[%emt 0:00:00]} Kh7 {[%emt 0:00:01]} 75. g6+ {[%emt 0:00:00]} Kh6 {[%emt 0:00:00]} 76. Rh8# {[%emt 0:00:00] (Lag: Av=0.92s, max=1.6s) (Lag: Av=0.92s, max=1.6s) (Lag: Av=0.92s, max=1.6s) (Lag: Av=0.92s, max=1.6s) (Lag: Av=0.92s, max=1.6s)} 1-0

[Event "Stay Safe Play From Home 365"]
[Site "Emanuel Lasker Arena"]
[Date "2020.08.07"]
[Round "3"]
[White "Lamborghini"]
[Black "Oznog"]
[Result "1-0"]
[WhiteElo "2335"]
[BlackElo "1818"]
[PlyCount "63"]
[EventDate "2020.08.07"]
[EventType "swiss (blitz)"]

1. e4 {[%emt 0:00:01]} c5 {[%emt 0:00:01]} 2. Nf3 {[%emt 0:00:01]} Nc6 {[%emt 0:00:01]} 3. d4 {[%emt 0:00:00]} cxd4 {[%emt 0:00:00]} 4. Nxd4 {[%emt 0:00:00]} e5 {[%emt 0:00:02]} 5. Nb5 {[%emt 0:00:01]} d6 {[%emt 0:00:01]} 6. N1c3 {[%emt 0:00:02]} a6 {[%emt 0:00:01]} 7. Na3 {[%emt 0:00:00]} Nf6 {[%emt 0:00:01]} 8. Nc4 {[%emt 0:00:01]} Be7 {[%emt 0:00:01]} 9. Ne3 {[%emt 0:00:01]} Kf8 {[%emt 0:00:02]} 10. Bd3 {[%emt 0:00:01]} Nb4 {[%emt 0:00:02]} 11. O-O {[%emt 0:00:01]} Nxd3 {[%emt 0:00:02]} 12. Qxd3 {[%emt 0:00:00]} g6 {[%emt 0:00:01]} 13. Ned5 {[%emt 0:00:02]} Be6 {[%emt 0:00:04]} 14. Bh6+ {[%emt 0:00:01]} Ke8 {[%emt 0:00:02]} 15. h3 {[%emt 0:00:01]} Nxd5 {[%emt 0:00:02]} 16. Nxd5 {[%emt 0:00:01]} Bxd5 {[%emt 0:00:01]} 17. Qxd5 {[%emt 0:00:01]} Qb6 {[%emt 0:00:01]} 18. c4 {[%emt 0:00:02]} Qc6 {[%emt 0:00:01]} 19. Qd3 {[%emt 0:00:03]} f6 {[%emt 0:00:02]} 20. b3 {[%emt 0:00:01]} Kf7 {[%emt 0:00:01]} 21. Rad1 {[%emt 0:00:01]} b6 {[%emt 0:00:02]} 22. f4 {[%emt 0:00:01]} Rad8 {[%emt 0:00:04]} 23. Rf3 {[%emt 0:00:02]} b5 {[%emt 0:00:03]} 24. cxb5 {[%emt 0:00:01]} axb5 {[%emt 0:00:00]} 25. Rdf1 {[%emt 0:00:01]} b4 {[%emt 0:00:02]} 26. Qe2 {[%emt 0:00:02]} d5 {[%emt 0:00:01]} 27. fxe5 {[%emt 0:00:01]} Qb6+ {[%emt 0:00:03]} 28. Be3 {[%emt 0:00:02]} d4 {[%emt 0:00:01]} 29. Rxf6+ {[%emt 0:00:03]} Bxf6 {[%emt 0:00:01]} 30. Rxf6+ {[%emt 0:00:00]} Ke7 {[%emt 0:00:01]} 31. Rxb6 {[%emt 0:00:01]} dxe3 {[%emt 0:00:03]} 32. Qxe3 {[%emt 0:00:00] Oznog resigns Oznog resigns Oznog resigns Oznog resigns Oznog resigns (Lag: Av=0.39s, max=0.8s) (Lag: Av=0.39s, max=0.8s) (Lag: Av=0.39s, max=0.8s) (Lag: Av=0.39s, max=0.8s) (Lag: Av=0.39s, max=0.8s)} 1-0

[Event "Stay Safe Play From Home 365"]
[Site "Emanuel Lasker Arena"]
[Date "2020.08.07"]
[Round "3"]
[White "SoulofWolf"]
[Black "BrainThinker22"]
[Result "0-1"]
[WhiteElo "2200"]
[BlackElo "2318"]
[Annotator "NA"]
[PlyCount "150"]
[EventDate "2020.08.07"]
[EventType "swiss (blitz)"]

1. d4 {[%emt 0:00:00]} c5 {[%emt 0:00:01]} 2. Nf3 {[%emt 0:00:00]} cxd4 {[%emt 0:00:00]} 3. c4 {[%emt 0:00:00]} dxc3 {[%emt 0:00:01]} 4. Nxc3 {[%emt 0:00:01]} Nc6 {[%emt 0:00:00]} 5. Bg5 {[%emt 0:00:00]} Nf6 {[%emt 0:00:00]} 6. Bh4 {[%emt 0:00:00]} g6 {[%emt 0:00:01]} 7. e4 {[%emt 0:00:00]} Bg7 {[%emt 0:00:00]} 8. e5 {[%emt 0:00:00]} Nh5 {[%emt 0:00:01]} 9. Qe2 {[%emt 0:00:03]} Nf4 {[%emt 0:00:01]} 10. Qd2 {[%emt 0:00:01]} Ne6 {[%emt 0:00:01]} 11. Bg3 {[%emt 0:00:01]} O-O {[%emt 0:00:01]} 12. Bb5 {[%emt 0:00:01]} Re8 {[%emt 0:00:01]} 13. O-O {[%emt 0:00:02]} a6 {[%emt 0:00:00]} 14. Ba4 {[%emt 0:00:00]} b5 {[%emt 0:00:01]} 15. Bc2 {[%emt 0:00:00]} Bb7 {[%emt 0:00:00]} 16. Rfe1 {[%emt 0:00:01]} Rc8 {[%emt 0:00:02]} 17. a3 {[%emt 0:00:00]} Qb6 {[%emt 0:00:03]} 18. Rad1 {[%emt 0:00:01]} Ned4 {[%emt 0:00:01]} 19. Bb1 {[%emt 0:00:02]} Nxf3+ {[%emt 0:00:01]} 20. gxf3 {[%emt 0:00:01]} d6 {[%emt 0:00:01]} 21. exd6 {[%emt 0:00:04]} exd6 {[%emt 0:00:00]} 22. Qxd6 {[%emt 0:00:03]} Rxe1+ {[%emt 0:00:01]} 23. Rxe1 {[%emt 0:00:00]} Bf8 {[%emt 0:00:01]} 24. Qf6 {[%emt 0:00:03]} Bc5 {[%emt 0:00:01]} 25. Kg2 {[%emt 0:00:01]} Nd4 {[%emt 0:00:05]} 26. Qxb6 {[%emt 0:00:07]} Bxf3+ {[%emt 0:00:01]} 27. Kh3 {[%emt 0:00:00]} Bxb6 {[%emt 0:00:01]} 28. Ne4 {[%emt 0:00:01]} Bxe4 {[%emt 0:00:07]} 29. Bxe4 {[%emt 0:00:00]} Re8 {[%emt 0:00:01]} 30. f3 {[%emt 0:00:02]} Ne6 {[%emt 0:00:02]} 31. Bb7 {[%emt 0:00:01]} a5 {[%emt 0:00:01]} 32. Kg4 {[%emt 0:00:02]} f5+ {[%emt 0:00:02]} 33. Kh3 {[%emt 0:00:01]} Ng5+ {[%emt 0:00:01]} 34. Kg2 {[%emt 0:00:01]} Rxe1 {[%emt 0:00:00]} 35. Bxe1 {[%emt 0:00:00]} a4 {[%emt 0:00:02]} 36. Bd5+ {[%emt 0:00:01]} Kg7 {[%emt 0:00:01]} 37. Bc6 {[%emt 0:00:00]} Ne6 {[%emt 0:00:02]} 38. Bxb5 {[%emt 0:00:02]} Bd4 {[%emt 0:00:00]} 39. Bc3 {[%emt 0:00:02]} Bxc3 {[%emt 0:00:01]} 40. bxc3 {[%emt 0:00:00]} Nc5 {[%emt 0:00:00]} 41. Kf2 {[%emt 0:00:02]} Kf6 {[%emt 0:00:00]} 42. Ke2 {[%emt 0:00:00]} Ke5 {[%emt 0:00:01]} 43. Ke3 {[%emt 0:00:00]} f4+ {[%emt 0:00:00]} 44. Kd2 {[%emt 0:00:01]} g5 {[%emt 0:00:01]} 45. Be8 {[%emt 0:00:02]} h6 {[%emt 0:00:01]} 46. c4 {[%emt 0:00:00]} Kd4 {[%emt 0:00:01]} 47. Bf7 {[%emt 0:00:02]} Nb3+ {[%emt 0:00:00]} 48. Kc2 {[%emt 0:00:01]} Na5 {[%emt 0:00:00]} 49. c5 {[%emt 0:00:01]} Kxc5 {[%emt 0:00:01]} 50. h3 {[%emt 0:00:01]} Nc4 {[%emt 0:00:01]} 51. Kc3 {[%emt 0:00:01]} Nxa3 {[%emt 0:00:01]} 52. Kd3 {[%emt 0:00:01]} Nb5 {[%emt 0:00:00]} 53. Bc4 {[%emt 0:00:01]} Nd6 {[%emt 0:00:01]} 54. Ba2 {[%emt 0:00:00]} Kb4 {[%emt 0:00:00]} 55. Bd5 {[%emt 0:00:01]} a3 {[%emt 0:00:01]} 56. Kd4 {[%emt 0:00:00]} Nb5+ {[%emt 0:00:01]} 57. Kd3 {[%emt 0:00:01]} Nc3 {[%emt 0:00:00]} 58. Ba2 {[%emt 0:00:00]} Nxa2 {[%emt 0:00:01]} 59. Ke4 {[%emt 0:00:00]} Nc3+ {[%emt 0:00:00]} 60. Kf5 {[%emt 0:00:00]} a2 {[%emt 0:00:00]} 61. Kg4 {[%emt 0:00:00]} a1=Q {[%emt 0:00:00]} 62. h4 {[%emt 0:00:00]} Qg1+ {[%emt 0:00:00]} 63. Kf5 {[%emt 0:00:00]} Qg3 {[%emt 0:00:01]} 64. Kf6 {[%emt 0:00:00]} gxh4 {[%emt 0:00:01]} 65. Ke5 {[%emt 0:00:00]} h3 {[%emt 0:00:00]} 66. Kd6 {[%emt 0:00:00]} h2 {[%emt 0:00:00]} 67. Kc6 {[%emt 0:00:00]} h5 {[%emt 0:00:00]} 68. Kb6 {[%emt 0:00:00]} h4 {[%emt 0:00:00]} 69. Ka6 {[%emt 0:00:00]} Kc4 {[%emt 0:00:00]} 70. Kb6 {[%emt 0:00:00]} Kd3 {[%emt 0:00:00]} 71. Kb7 {[%emt 0:00:00]} Ke3 {[%emt 0:00:00]} 72. Ka6 {[%emt 0:00:00]} Kxf3 {[%emt 0:00:00]} 73. Kb6 {[%emt 0:00:00]} h3 {[%emt 0:00:00]} 74. Kc5 {[%emt 0:00:00]} Qg2 {[%emt 0:00:00]} 75. Kd6 {[%emt 0:00:00]} Qf2 {[%emt 0:00:00] Czas Czas Czas Czas Czas (Lag: Av=0.39s, max=1.0s) (Lag: Av=0.39s, max=1.0s) (Lag: Av=0.39s, max=1.0s) (Lag: Av=0.39s, max=1.0s) (Lag: Av=0.39s, max=1.0s)} 0-1

[Event "Stay Safe Play From Home 365"]
[Site "Emanuel Lasker Arena"]
[Date "2020.08.07"]
[Round "3"]
[White "Lazieri3"]
[Black "Hickey"]
[Result "0-1"]
[WhiteElo "2030"]
[BlackElo "2130"]
[PlyCount "144"]
[EventDate "2020.08.07"]
[EventType "swiss (blitz)"]

1. f3 {[%emt 0:00:02]} d5 {[%emt 0:00:01]} 2. e4 {[%emt 0:00:00]} Nf6 {[%emt 0:00:00]} 3. exd5 {[%emt 0:00:01]} Nxd5 {[%emt 0:00:00]} 4. Nc3 {[%emt 0:00:01]} e6 {[%emt 0:00:01]} 5. Nxd5 {[%emt 0:00:01]} exd5 {[%emt 0:00:00]} 6. d4 {[%emt 0:00:00]} Bd6 {[%emt 0:00:01]} 7. Bd3 {[%emt 0:00:00]} O-O {[%emt 0:00:01]} 8. Ne2 {[%emt 0:00:00]} Re8 {[%emt 0:00:00]} 9. O-O {[%emt 0:00:01]} c5 {[%emt 0:00:01]} 10. c3 {[%emt 0:00:01]} Nc6 {[%emt 0:00:01]} 11. Bf4 {[%emt 0:00:01]} Bf8 {[%emt 0:00:04]} 12. dxc5 {[%emt 0:00:03]} Bxc5+ {[%emt 0:00:00]} 13. Kh1 {[%emt 0:00:02]} Ne5 {[%emt 0:00:04]} 14. Bc2 {[%emt 0:00:02]} Ng6 {[%emt 0:00:02]} 15. Bg3 {[%emt 0:00:02]} Be6 {[%emt 0:00:02]} 16. Nd4 {[%emt 0:00:01]} Qd7 {[%emt 0:00:04]} 17. Re1 {[%emt 0:00:01]} a6 {[%emt 0:00:03]} 18. a3 {[%emt 0:00:02]} b5 {[%emt 0:00:03]} 19. Qd2 {[%emt 0:00:01]} Rac8 {[%emt 0:00:01]} 20. Rad1 {[%emt 0:00:01]} Qa7 {[%emt 0:00:02]} 21. Bf2 {[%emt 0:00:03]} Bxd4 {[%emt 0:00:02]} 22. Bxd4 {[%emt 0:00:00]} Qb7 {[%emt 0:00:00]} 23. Re2 {[%emt 0:00:01]} Bd7 {[%emt 0:00:03]} 24. Rde1 {[%emt 0:00:01]} Rxe2 {[%emt 0:00:01]} 25. Qxe2 {[%emt 0:00:00]} Rf8 {[%emt 0:00:02]} 26. Bxg6 {[%emt 0:00:04]} hxg6 {[%emt 0:00:01]} 27. Qd2 {[%emt 0:00:01]} Be6 {[%emt 0:00:01]} 28. h3 {[%emt 0:00:01]} Rc8 {[%emt 0:00:02]} 29. Qe3 {[%emt 0:00:01]} Qc6 {[%emt 0:00:01]} 30. Qe5 {[%emt 0:00:01]} Kf8 {[%emt 0:00:05]} 31. Qxg7+ {[%emt 0:00:01]} Ke8 {[%emt 0:00:00]} 32. Bf6 {[%emt 0:00:02]} Kd7 {[%emt 0:00:00]} 33. h4 {[%emt 0:00:03]} Re8 {[%emt 0:00:00]} 34. h5 {[%emt 0:00:01]} gxh5 {[%emt 0:00:00]} 35. Qg5 {[%emt 0:00:01]} Qc4 {[%emt 0:00:01]} 36. Qxh5 {[%emt 0:00:02]} Qd3 {[%emt 0:00:00]} 37. Qe5 {[%emt 0:00:02]} Rg8 {[%emt 0:00:01]} 38. Kg1 {[%emt 0:00:04]} Rg6 {[%emt 0:00:01]} 39. Bh4 {[%emt 0:00:04]} Qxf3 {[%emt 0:00:01]} 40. Qe2 {[%emt 0:00:02]} Qxe2 {[%emt 0:00:01]} 41. Rxe2 {[%emt 0:00:01]} Rg4 {[%emt 0:00:00]} 42. Bf2 {[%emt 0:00:00]} Re4 {[%emt 0:00:00]} 43. Bd4 {[%emt 0:00:00]} Rxe2 {[%emt 0:00:01]} 44. Kh2 {[%emt 0:00:00]} Rc2 {[%emt 0:00:00]} 45. Kg3 {[%emt 0:00:00]} Rc1 {[%emt 0:00:00]} 46. Kf4 {[%emt 0:00:00]} Rb1 {[%emt 0:00:00]} 47. g4 {[%emt 0:00:00]} Rxb2 {[%emt 0:00:00]} 48. Ke5 {[%emt 0:00:00]} Rc2 {[%emt 0:00:00]} 49. Kf4 {[%emt 0:00:00]} Ra2 {[%emt 0:00:00]} 50. Kg5 {[%emt 0:00:00]} Rxa3 {[%emt 0:00:00]} 51. Kf6 {[%emt 0:00:00]} Rb3 {[%emt 0:00:00]} 52. Kg7 {[%emt 0:00:00]} a5 {[%emt 0:00:00]} 53. Kf8 {[%emt 0:00:00]} a4 {[%emt 0:00:00]} 54. g5 {[%emt 0:00:00]} a3 {[%emt 0:00:00]} 55. g6 {[%emt 0:00:00]} a2 {[%emt 0:00:00]} 56. Kg7 {[%emt 0:00:00]} Rxc3 {[%emt 0:00:01]} 57. Kf8 {[%emt 0:00:00]} Rg3 {[%emt 0:00:00]} 58. Kg7 {[%emt 0:00:00]} Rxg6+ {[%emt 0:00:01]} 59. Kf8 {[%emt 0:00:00]} Rg4 {[%emt 0:00:00]} 60. Be5 {[%emt 0:00:00]} Rc4 {[%emt 0:00:00]} 61. Bf6 {[%emt 0:00:00]} b4 {[%emt 0:00:00]} 62. Bg7 {[%emt 0:00:00]} b3 {[%emt 0:00:00]} 63. Bf6 {[%emt 0:00:00]} Rc2 {[%emt 0:00:00]} 64. Be7 {[%emt 0:00:00]} b2 {[%emt 0:00:00]} 65. Bd6 {[%emt 0:00:00]} b1=Q {[%emt 0:00:00]} 66. Be7 {[%emt 0:00:00]} Qb3 {[%emt 0:00:00]} 67. Bf6 {[%emt 0:00:00]} Rc4 {[%emt 0:00:00]} 68. Kg7 {[%emt 0:00:00]} Qb5 {[%emt 0:00:00]} 69. Kf8 {[%emt 0:00:00]} Rc6 {[%emt 0:00:00]} 70. Bg7 {[%emt 0:00:00]} d4 {[%emt 0:00:00]} 71. Kg8 {[%emt 0:00:00]} Qd5 {[%emt 0:00:00]} 72. Kh7 {[%emt 0:00:00]} Rd6 {[%emt 0:00:00] Time Time Time Time Time (Lag: Av=0.67s, max=1.2s) (Lag: Av=0.67s, max=1.2s) (Lag: Av=0.67s, max=1.2s) (Lag: Av=0.67s, max=1.2s) (Lag: Av=0.67s, max=1.2s)} 0-1

[Event "Stay Safe Play From Home 365"]
[Site "Emanuel Lasker Arena"]
[Date "2020.08.07"]
[Round "3"]
[White "Sfantul321"]
[Black "Stefanone"]
[Result "1-0"]
[WhiteElo "1956"]
[BlackElo "1952"]
[Annotator "NA"]
[PlyCount "119"]
[EventDate "2020.08.07"]
[EventType "swiss (blitz)"]

1. c4 {[%emt 0:00:01]} d6 {[%emt 0:00:00]} 2. Nc3 {[%emt 0:00:00]} f5 {[%emt 0:00:00]} 3. g3 {[%emt 0:00:00]} Nf6 {[%emt 0:00:00]} 4. Bg2 {[%emt 0:00:00]} g6 {[%emt 0:00:00]} 5. d3 {[%emt 0:00:00]} Bg7 {[%emt 0:00:00]} 6. Bg5 {[%emt 0:00:01]} O-O {[%emt 0:00:00]} 7. Qd2 {[%emt 0:00:01]} Nc6 {[%emt 0:00:01]} 8. Bh6 {[%emt 0:00:01]} e5 {[%emt 0:00:01]} 9. Bxg7 {[%emt 0:00:01]} Kxg7 {[%emt 0:00:00]} 10. e3 {[%emt 0:00:01]} Qe7 {[%emt 0:00:01]} 11. Nge2 {[%emt 0:00:01]} e4 {[%emt 0:00:01]} 12. O-O {[%emt 0:00:01]} Be6 {[%emt 0:00:01]} 13. b3 {[%emt 0:00:01]} exd3 {[%emt 0:00:01]} 14. Qxd3 {[%emt 0:00:01]} Ne5 {[%emt 0:00:01]} 15. Qc2 {[%emt 0:00:01]} Nfg4 {[%emt 0:00:01]} 16. h3 {[%emt 0:00:01]} Nf6 {[%emt 0:00:01]} 17. Nf4 {[%emt 0:00:01]} Rab8 {[%emt 0:00:01]} 18. Rad1 {[%emt 0:00:03]} g5 {[%emt 0:00:01]} 19. Nxe6+ {[%emt 0:00:02]} Qxe6 {[%emt 0:00:00]} 20. Nd5 {[%emt 0:00:01]} Nxd5 {[%emt 0:00:02]} 21. Bxd5 {[%emt 0:00:01]} Qf6 {[%emt 0:00:00]} 22. Kg2 {[%emt 0:00:02]} h5 {[%emt 0:00:01]} 23. f4 {[%emt 0:00:01]} gxf4 {[%emt 0:00:01]} 24. exf4 {[%emt 0:00:01]} Nc6 {[%emt 0:00:01]} 25. Bf3 {[%emt 0:00:01]} Nd4 {[%emt 0:00:02]} 26. Qd3 {[%emt 0:00:01]} Nxf3 {[%emt 0:00:01]} 27. Qxf3 {[%emt 0:00:01]} Rbe8 {[%emt 0:00:00]} 28. Qxh5 {[%emt 0:00:02]} Qg6 {[%emt 0:00:01]} 29. Qxg6+ {[%emt 0:00:01]} Kxg6 {[%emt 0:00:00]} 30. Rde1 {[%emt 0:00:00]} Kf6 {[%emt 0:00:01]} 31. g4 {[%emt 0:00:01]} Rh8 {[%emt 0:00:02]} 32. Kg3 {[%emt 0:00:01]} Reg8 {[%emt 0:00:02]} 33. Re3 {[%emt 0:00:03]} Rg7 {[%emt 0:00:02]} 34. g5+ {[%emt 0:00:01]} Kg6 {[%emt 0:00:01]} 35. Re6+ {[%emt 0:00:01]} Kh7 {[%emt 0:00:00]} 36. Rfe1 {[%emt 0:00:01]} Kg8 {[%emt 0:00:02]} 37. Re8+ {[%emt 0:00:02]} Kh7 {[%emt 0:00:00]} 38. R8e7 {[%emt 0:00:02]} Rhg8 {[%emt 0:00:01]} 39. Rxg7+ {[%emt 0:00:01]} Rxg7 {[%emt 0:00:00]} 40. h4 {[%emt 0:00:00]} Kg6 {[%emt 0:00:01]} 41. Re6+ {[%emt 0:00:01]} Kf7 {[%emt 0:00:01]} 42. Rf6+ {[%emt 0:00:01]} Ke7 {[%emt 0:00:00]} 43. h5 {[%emt 0:00:00]} d5 {[%emt 0:00:02]} 44. h6 {[%emt 0:00:01]} Rg8 {[%emt 0:00:01]} 45. cxd5 {[%emt 0:00:00]} c6 {[%emt 0:00:01]} 46. dxc6 {[%emt 0:00:01]} bxc6 {[%emt 0:00:00]} 47. Rxc6 {[%emt 0:00:01]} Rd8 {[%emt 0:00:01]} 48. Ra6 {[%emt 0:00:01]} Rd3+ {[%emt 0:00:00]} 49. Kh4 {[%emt 0:00:01]} Rd1 {[%emt 0:00:01]} 50. Kh5 {[%emt 0:00:01]} Rd7 {[%emt 0:00:02]} 51. Kg6 {[%emt 0:00:00]} Rd5 {[%emt 0:00:01]} 52. Rxa7+ {[%emt 0:00:01]} Kd6 {[%emt 0:00:02]} 53. h7 {[%emt 0:00:01]} Rd2 {[%emt 0:00:02]} 54. h8=Q {[%emt 0:00:01]} Rh2 {[%emt 0:00:00]} 55. Qxh2 {[%emt 0:00:01]} Kd5 {[%emt 0:00:00]} 56. Qe2 {[%emt 0:00:01]} Kd4 {[%emt 0:00:01]} 57. Rd7+ {[%emt 0:00:01]} Kc3 {[%emt 0:00:00]} 58. Qc4+ {[%emt 0:00:01]} Kb2 {[%emt 0:00:01]} 59. b4 {[%emt 0:00:00]} Ka3 {[%emt 0:00:00]} 60. Qb3# {[%emt 0:00:01] (Lag: Av=0.21s, max=0.7s) (Lag: Av=0.21s, max=0.7s) (Lag: Av=0.21s, max=0.7s) (Lag: Av=0.21s, max=0.7s) (Lag: Av=0.21s, max=0.7s)} 1-0

[Event "Stay Safe Play From Home 365"]
[Site "Emanuel Lasker Arena"]
[Date "2020.08.07"]
[Round "3"]
[White "Cirovicz"]
[Black "Klasman"]
[Result "1-0"]
[WhiteElo "1776"]
[BlackElo "1418"]
[Annotator "NA"]
[PlyCount "21"]
[EventDate "2020.08.07"]
[EventType "swiss (blitz)"]

1. e4 {[%emt 0:00:01]} f5 {[%emt 0:00:38]} 2. exf5 {[%emt 0:00:10]} Nf6 {[%emt 0:00:01]} 3. Nf3 {[%emt 0:00:01]} d5 {[%emt 0:00:01]} 4. Ne5 {[%emt 0:00:01]} Bxf5 {[%emt 0:00:01]} 5. d4 {[%emt 0:00:01]} Nc6 {[%emt 0:00:02]} 6. Bg5 {[%emt 0:00:01]} e6 {[%emt 0:00:04]} 7. Bxf6 {[%emt 0:00:01]} Qxf6 {[%emt 0:00:03]} 8. Qh5+ {[%emt 0:00:02]} g6 {[%emt 0:00:02]} 9. Qe2 {[%emt 0:00:03]} Nxd4 {[%emt 0:00:01]} 10. Qb5+ {[%emt 0:00:01]} Nxb5 {[%emt 0:00:03]} 11. Bxb5+ {[%emt 0:00:03] Time Time Time Time Time} 1-0